Where am I?? #12 - Statistics

General Stats
  • This quiz has been taken 86 times
  • The average score is 6 of 6
Answer Stats
Instructions Answer Hint % Correct
Say 1 to receive your hint! 1 Another non-country capital...
100%
Say 2 to receive your hint! 2 The Hangul script!
100%
Say 3 to receive your hint! 3 It's a metropolitan city.
100%
Say 4 to receive your hint! 4 Southeast South Korea.
100%
Say 5 to receive your hint! 5 There was a zombie horror movie with this in the name
99%
Name the city! Busan
57%
No matching quizzes found
Score Distribution
Percent of People with Each Score
Percentile by Number Answered
Your Score History
You have not taken this quiz